Business Mathematics (Record no. 2387)

MARC details
000 -LEADER
fixed length control field 00438nam a22001697a 4500
005 - DATE AND TIME OF LATEST TRANSACTION
control field 20180606121511.0
008 - FIXED-LENGTH DATA ELEMENTS--GENERAL INFORMATION
fixed length control field 160611b xxu||||| |||| 00| 0 eng d
020 ## - INTERNATIONAL STANDARD BOOK NUMBER
ISBN 978-81-259-2844-6
041 ## - LANGUAGE CODE
Language code of text/sound track or separate title eng
082 ## - DEWEY DECIMAL CLASSIFICATION NUMBER
Item number 6824
Classification number 650.01513
100 ## - MAIN ENTRY--AUTHOR NAME
Personal name Zameeruddin, Qazi & Others
245 ## - TITLE STATEMENT
Title Business Mathematics
260 ## - PUBLICATION, DISTRIBUTION, ETC. (IMPRINT)
Place of publication New Delhi
Name of publisher Vikas Publishing House (P) Ltd.
300 ## - PHYSICAL DESCRIPTION
Number of Pages 985
650 ## - SUBJECT ADDED ENTRY--TOPICAL TERM
Topical Term Management
942 ## - ADDED ENTRY ELEMENTS (KOHA)
Koha item type Books
Holdings
Lost status Damaged status Collection code Home library Current library Shelving location Date acquired Cost, normal purchase price Full call number Accession Number Koha item type
    MANAGEMENT JRU Library JRU Library SHELF-75-E 11/06/2016 365.00 650.01513 6824 Books
    MANAGEMENT JRU Library JRU Library SHELF-75-E 11/06/2016 365.00 650.01513 6825 Books
    MANAGEMENT JRU Library JRU Library SHELF-75-E 11/06/2016 365.00 650.01513 6826 Books
    Reference JRU Library JRU Library Shelf - 13- E 11/06/2016 365.00 650.01513 6827 Books
    MANAGEMENT JRU Library JRU Library SHELF-75-E 11/06/2016 365.00 650.01513 6828 Books
    MANAGEMENT JRU Library JRU Library SHELF-75-E 11/06/2016 365.00 650.01513 6829 Books
    MANAGEMENT JRU Library JRU Library SHELF-75-E 11/06/2016 365.00 650.01513 6830 Books
    MANAGEMENT JRU Library JRU Library SHELF-75-E 11/06/2016 365.00 650.01513 6831 Books
    MANAGEMENT JRU Library JRU Library SHELF-75-E 11/06/2016 365.00 650.01513 6832 Books